[Event "Trnava Reti Memorial GM"]
[Site "Trnava"]
[Date "2022.08.14"]
[Round "5"]
[White "Farkas, Gabor"]
[Black "Finek, Vaclav"]
[Result "0-1"]
[WhiteElo "2325"]
[BlackElo "2397"]
[PlyCount "74"]
[EventDate "2022.08.10"]
[EventType "tourn"]
[EventRounds "9"]
[EventCountry "SVK"]
[EventCategory "6"]
[SourceTitle "CBM 209 Extra"]
[Source "ChessBase"]
[SourceDate "2022.09.30"]
[SourceVersion "1"]
[SourceVersionDate "2022.09.30"]
[SourceQuality "1"]

1. c4 Nf6 2. Nc3 d5 3. cxd5 Nxd5 4. Nf3 g6 5. Qb3 Nb6 6. d4 Bg7 7. Bf4 0-0 8. Rd1 Bg4 9. e3 Bxf3 10. gxf3 N8d7 11. h4 Nf6 12. Be5 e6 13. Bd3 Qe7 14. Ke2 c5 15. dxc5 Qxc5 16. Bd4 Qe7 17. Qb5 Nbd7 18. f4 a6 19. Qg5 h6 20. Qa5 b5 21. Ne4 Rfc8 22. Nxf6+ Nxf6 23. Rc1 Rxc1 24. Rxc1 Nd5 25. Bxg7 Kxg7 26. h5 g5 27. fxg5 Qxg5 28. Be4 Qxh5+ 29. Bf3 Qe5 30. Rg1+ Kh8 31. Bxd5 Qxb2+ 32. Kd3 exd5 33. Qb6 Kh7 34. Qb7 Qa3+ 35. Ke2 Qb2+ 36. Kd3 Qxf2 37. Qxa8 Qxg1 0-1

[Event "Trnava Reti Memorial GM"]
[Site "Trnava"]
[Date "2022.08.13"]
[Round "4"]
[White "Pacher, Milan"]
[Black "Farkas, Gabor"]
[Result "1-0"]
[WhiteElo "2422"]
[BlackElo "2325"]
[PlyCount "77"]
[EventDate "2022.08.10"]
[EventType "tourn"]
[EventRounds "9"]
[EventCountry "SVK"]
[EventCategory "6"]
[SourceTitle "CBM 209 Extra"]
[Source "ChessBase"]
[SourceDate "2022.09.30"]
[SourceVersion "1"]
[SourceVersionDate "2022.09.30"]
[SourceQuality "1"]

1. e4 e5 2. Nf3 Nc6 3. Bb5 a6 4. Ba4 Nf6 5. Nc3 b5 6. Bb3 Be7 7. d3 d6 8. a4 Na5 9. axb5 Nxb3 10. cxb3 Bb7 11. 0-0 axb5 12. Rxa8 Qxa8 13. Nxb5 0-0 14. Bg5 Qa5 15. Na3 Ba6 16. Nc4 Qb4 17. Bd2 Qb5 18. Bc3 Nd7 19. d4 Rb8 20. dxe5 Nxe5 21. Nfxe5 dxe5 22. Bxe5 Qxb3 23. Qxb3 Rxb3 24. Rc1 Bf6 25. Bxf6 gxf6 26. Ne3 Bb7 27. Rc4 Rxb2 28. f3 Bc8 29. Nd5 Kg7 30. Rxc7 Be6 31. Nf4 Rb6 32. g4 Bb3 33. Kf2 Bd1 34. Rd7 Ba4 35. Rd8 Ra6 36. Kg3 Bb3 37. Nh5+ Kg6 38. Rg8+ Kh6 39. Nxf6 1-0

[Event "Pardubice Czech op-A 33rd"]
[Site "Pardubice"]
[Date "2022.07.24"]
[Round "3"]
[White "Farkas, Gabor"]
[Black "Elmi, Saad Abobaker"]
[Result "1-0"]
[WhiteElo "2335"]
[BlackElo "2123"]
[PlyCount "127"]
[EventDate "2022.07.22"]
[EventType "swiss"]
[EventRounds "9"]
[EventCountry "CZE"]
[SourceTitle "CBM 209 Extra"]
[Source "ChessBase"]
[SourceDate "2022.09.30"]
[SourceVersion "1"]
[SourceVersionDate "2022.09.30"]
[SourceQuality "1"]

1. c4 g6 2. d4 Bg7 3. Nc3 c5 4. d5 Bxc3+ 5. bxc3 f5 6. g4 fxg4 7. h3 g3 8. fxg3 Nf6 9. Bg2 d6 10. Qd3 Qa5 11. g4 b6 12. Nf3 Ba6 13. Bf4 Qa4 14. Nd2 Nbd7 15. 0-0 0-0-0 16. e4 h6 17. Bf3 g5 18. Bg3 h5 19. Rfb1 hxg4 20. Bd1 Qa3 21. Rb3 Qa5 22. e5 dxe5 23. hxg4 Rh3 24. Kg2 Rdh8 25. Qf5 Rh1 26. Bxe5 Rxd1 27. Rxd1 Bxc4 28. Nxc4 Qxa2+ 29. Nd2 Rf8 30. Bxf6 Rxf6 31. Qb1 Qa4 32. c4 Rf4 33. Qa1 Rxg4+ 34. Kh3 Rxc4 35. Qxa4 Rxa4 36. Nf1 Nf6 37. d6 e6 38. Kg2 Kd7 39. Rh3 Nd5 40. Rh7+ Kxd6 41. Ne3 Kc6 42. Nxd5 exd5 43. Rh6+ Kb5 44. Rxd5 g4 45. Rg5 Rb4 46. Rgg6 Ka4 47. Kf2 Kb3 48. Ke3 Kb2 49. Rh2+ Ka3 50. Rg2 a5 51. R2xg4 Rxg4 52. Rxg4 Kb3 53. Rg6 b5 54. Rg5 Kc4 55. Kd2 b4 56. Kc2 a4 57. Rg4+ Kb5 58. Rh4 c4 59. Rh5+ Kb6 60. Kb2 a3+ 61. Ka2 Kc6 62. Ra5 Kb6 63. Ra8 Kb5 64. Rc8 1-0

[Event "Pardubice Czech op-A 33rd"]
[Site "Pardubice"]
[Date "2022.07.22"]
[Round "1"]
[White "Farkas, Gabor"]
[Black "Prazak, Daniel"]
[Result "1-0"]
[WhiteElo "2335"]
[BlackElo "2113"]
[PlyCount "91"]
[EventDate "2022.07.22"]
[EventType "swiss"]
[EventRounds "9"]
[EventCountry "CZE"]
[SourceTitle "CBM 209 Extra"]
[Source "ChessBase"]
[SourceDate "2022.09.30"]
[SourceVersion "1"]
[SourceVersionDate "2022.09.30"]
[SourceQuality "1"]

1. d4 Nf6 2. Bf4 c5 3. c3 Qb6 4. Qc2 cxd4 5. cxd4 Nc6 6. e3 d5 7. Nc3 Bf5 8. Qb3 Qxb3 9. axb3 e6 10. Nf3 Bb4 11. Bb5 0-0 12. 0-0 Ne4 13. Bxc6 bxc6 14. Nxe4 Bxe4 15. Rfc1 Rfc8 16. Ra6 c5 17. Bd6 Bd3 18. Raa1 f6 19. Bxc5 a5 20. h3 Be4 21. Kh2 Rab8 22. Bxb4 axb4 23. Kg3 Kf7 24. Ra7+ Kg6 25. Nh4+ Kh6 26. Rxc8 Rxc8 27. Rb7 Rc2 28. Rxb4 Rxb2 29. Rb6 g5 30. Nf3 Kg6 31. Rxe6 Bxf3 32. Kxf3 Rxb3 33. g4 Rb7 34. Rd6 Rb5 35. Kg3 h6 36. Rd7 h5 37. f4 hxg4 38. hxg4 gxf4+ 39. Kxf4 Ra5 40. Rd6 Kg7 41. Kf5 Ra3 42. Rd7+ Kg8 43. Kxf6 Rxe3 44. g5 Rf3+ 45. Kg6 Kf8 46. Rxd5 1-0

[Event "Piestany Slovakia op-A"]
[Site "Piestany"]
[Date "2022.07.13"]
[Round "3"]
[White "Sahidi, Samir"]
[Black "Farkas, Gabor"]
[Result "1-0"]
[WhiteElo "2462"]
[BlackElo "2335"]
[PlyCount "75"]
[EventDate "2022.07.11"]
[EventType "swiss"]
[EventRounds "9"]
[EventCountry "SVK"]
[SourceTitle "CBM 209 Extra"]
[Source "ChessBase"]
[SourceDate "2022.09.30"]
[SourceVersion "1"]
[SourceVersionDate "2022.09.30"]
[SourceQuality "1"]

1. d4 d5 2. c4 e6 3. Nf3 c5 4. cxd5 exd5 5. Nc3 Nc6 6. Bg5 Be7 7. Bxe7 Ngxe7 8. dxc5 d4 9. Ne4 0-0 10. Rc1 Qd5 11. Nd6 Qxa2 12. Qd2 Nf5 13. Nxc8 Raxc8 14. g3 Rfe8 15. Bh3 d3 16. Qxd3 Qxb2 17. 0-0 Nfd4 18. Nxd4 Nxd4 19. Rb1 Nxe2+ 20. Kg2 Qc3 21. Qxc3 Nxc3 22. Bxc8 Rxc8 23. Rxb7 g6 24. Rc1 Rxc5 25. Rxa7 Ne4 26. Rxc5 Nxc5 27. Kf3 Ne6 28. Ke4 Kg7 29. f4 h5 30. f5 Ng5+ 31. Kf4 Nh7 32. Ke5 g5 33. Ra6 Nf8 34. Rd6 Nh7 35. f6+ Kg6 36. Rd8 g4 37. Rg8+ Kh6 38. Kf5 1-0

[Event "Zalakaros Barczay Memorial"]
[Site "Zalakaros"]
[Date "2022.06.11"]
[Round "7"]
[White "Farkas, Gabor"]
[Black "Forgacs, Attila Jr"]
[Result "0-1"]
[WhiteElo "2331"]
[BlackElo "2167"]
[PlyCount "74"]
[EventDate "2022.06.05"]
[EventType "swiss"]
[EventRounds "9"]
[EventCountry "HUN"]
[SourceTitle "CBM 208 Extra"]
[Source "ChessBase"]
[SourceDate "2022.07.31"]
[SourceVersion "1"]
[SourceVersionDate "2022.07.31"]
[SourceQuality "1"]

1. Nf3 Nf6 2. g3 g6 3. b3 Bg7 4. Bb2 0-0 5. Bg2 d6 6. d4 e5 7. dxe5 Nfd7 8. Nc3 dxe5 9. Qd2 Nc6 10. 0-0-0 a5 11. h4 h6 12. Kb1 a4 13. Nxa4 Rxa4 14. bxa4 Qe8 15. h5 Nb6 16. e4 g5 17. Bf1 Nxa4 18. Bb5 Nxb2 19. Kxb2 Bg4 20. Qc3 f5 21. Nd2 Bxd1 22. Bxc6 bxc6 23. Rxd1 Qxh5 24. Re1 f4 25. Qxc6 Qh2 26. Qc4+ Kh8 27. Qe2 fxg3 28. fxg3 Rf2 29. Qa6 Rxd2 30. Qc8+ Kh7 31. Qf5+ Kg8 32. Qc8+ Kh7 33. Qf5+ Kg8 34. Qc8+ Bf8 35. Qxc7 Qxg3 36. Rf1 Rf2 37. Rxf2 Ba3+ 0-1

[Event "Zalakaros Barczay Memorial"]
[Site "Zalakaros"]
[Date "2022.06.08"]
[Round "4"]
[White "Farkas, Gabor"]
[Black "Boronyak, Arpad"]
[Result "1-0"]
[WhiteElo "2331"]
[BlackElo "2126"]
[PlyCount "83"]
[EventDate "2022.06.05"]
[EventType "swiss"]
[EventRounds "9"]
[EventCountry "HUN"]
[SourceTitle "CBM 208 Extra"]
[Source "ChessBase"]
[SourceDate "2022.07.31"]
[SourceVersion "1"]
[SourceVersionDate "2022.07.31"]
[SourceQuality "1"]

1. d4 Nf6 2. c4 c5 3. d5 b5 4. cxb5 a6 5. bxa6 Bxa6 6. Nc3 d6 7. Nf3 g6 8. e4 Bxf1 9. Kxf1 Bg7 10. g3 0-0 11. Kg2 Nbd7 12. Qe2 Nb6 13. a4 e6 14. dxe6 fxe6 15. Bg5 h6 16. Bxf6 Qxf6 17. e5 dxe5 18. Ne4 Qe7 19. Rhc1 Nxa4 20. b3 Nb6 21. Rxa8 Rxa8 22. Rxc5 Nd5 23. Qc2 Qb7 24. Nd6 Qd7 25. Nc4 g5 26. Ncxe5 Qb7 27. Qg6 Nf6 28. Rc6 g4 29. Nd4 Rc8 30. Nxg4 Rf8 31. Ne5 Rc8 32. Ng4 Rf8 33. f3 Nxg4 34. Qxe6+ Kh7 35. Qe4+ Kg8 36. Qxg4 h5 37. Qe6+ Kh8 38. Qd5 Qa8 39. Qxh5+ Kg8 40. Qd5+ Kh8 41. Ne6 Qa1 42. Nxf8 1-0